The Paleo diet : lose weight and get healthy by eating the foods you were designed to eat /

The Paleo Diet will work wonders. Dr. Loren Cordain demonstrates how, by eating your fill of satisfying and delicious lean meats and fish, fresh fruits, snacks and non-starchy vegetables, you can lose weight and prevent and treat heart disease, cancer, osteoporosis, metabolic syndrome and many other...

Full description

Bibliographic Details
Main Author: Cordain, Loren, 1950-
Format: Book
Language:English
Published: Hoboken, N.J. : John Wiley & Sons, [2011]
Edition:Rev. ed.
Subjects:

MARC

Tag First Indicator Second Indicator Subfields
LEADER 00000cam a2200000 a 4500
001 in00002784029
005 20151202172127.0
008 101026s2011 nju b 001 0 eng
010 |a  2010045249 
020 |a 9780470913024 (pbk.) 
020 |a 0470913029 (pbk.) 
020 |z 9781118001295 (ebk) 
020 |z 9781118001301 (ebk) 
020 |z 9781118001318 (ebk) 
035 |a (OCoLC)ocn639164070 
040 |a DLC  |c DLC  |d TXA  |d UtOrBLW 
049 |a TXAM 
050 0 0 |a RM237.65  |b .C67 2011 
082 0 0 |a 613.2/82  |2 22 
100 1 |a Cordain, Loren,  |d 1950- 
245 1 4 |a The Paleo diet :  |b lose weight and get healthy by eating the foods you were designed to eat /  |c Loren Cordain. 
250 |a Rev. ed. 
264 1 |a Hoboken, N.J. :  |b John Wiley & Sons,  |c [2011] 
264 4 |c ©2011 
300 |a xv, 266 pages ;  |c 24 cm. 
336 |a text  |b txt  |2 rdacontent 
337 |a unmediated  |b n  |2 rdamedia 
338 |a volume  |b nc  |2 rdacarrier 
504 |a Includes bibliographical references (pages 221-248) and index. 
505 0 |a Pt. 1. Understanding the Paleo Diet. Introduction. Not just another low-carb diet ; The ground rules for the Paleo Diet ; How our diet went wrong and what you can do about it -- pt. 2. Losing weight and preventing and healing disease. Losing weight the Paleo Diet way ; Metabolic syndrome : diseases of civilization ; Food as medicine : how Paleo diets improve health and well-being -- pt. 3. The Paleo Diet program. Eating great : what to eat, what to avoid ; The Paleo Diet user's manual ; The meal plans for the three levels of the Paleo Diet ; Paleo recipes ; Living the Paleo Diet. 
520 |a The Paleo Diet will work wonders. Dr. Loren Cordain demonstrates how, by eating your fill of satisfying and delicious lean meats and fish, fresh fruits, snacks and non-starchy vegetables, you can lose weight and prevent and treat heart disease, cancer, osteoporosis, metabolic syndrome and many other illnesses. Breakthrough nutrition program based on eating the foods we were genetically designed to eat-lean meats and fish and other foods that made up the diet of our Paleolithic ancestors. This revised edition features new weight-loss material and recipes plus the latest information drawn from breaking Paleolithic research. 
650 0 |a High-protein diet. 
650 0 |a Prehistoric peoples  |x Nutrition. 
650 2 |a Diet, Reducing. 
650 2 |a Dietary Proteins  |x administration & dosage. 
650 2 |a Nutritional Physiological Phenomena  |x genetics. 
948 |a cataloged  |b h  |c 2012/12/19  |d c  |e dmitchel  |f 2:10:20 pm 
994 |a C0  |b TXA 
999 |a MARS 
999 f f |s 67f0b2d9-551b-3a2d-82b5-b87445c2871e  |i 9c925aad-1488-325c-b556-424ca154217b  |t 0 
952 f f |p normal  |a Texas A&M University  |b College Station  |c Sterling C. Evans Library  |d Evans: Library Stacks  |t 0  |e RM237.65 .C67 2011  |h Library of Congress classification  |i unmediated -- volume  |m A14838074470 
998 f f |a RM237.65 .C67 2011  |t 0  |l Evans: Library Stacks